| 000 | 00361nam a22001217a 4500 | ||
|---|---|---|---|
| 082 | _a220 PRO | ||
| 100 |
_aSUMSAM ULLAH,SHUJJAT,FRAZ,USMAN _971921 |
||
| 245 | _aPR-SOF-1395-ANALYSIS OF OCT IMAGES FOR LAYER SEGMENTATION AND DISEASE | ||
| 260 |
_aISLAMABAD _bNUST COLLEGE OF EME _c2014 |
||
| 650 | _a DE-COMP-32 | ||
| 700 |
_aDR USMAN AKRAM _931693 |
||
| 942 | _cCR | ||
| 999 |
_c578188 _d578188 |
||